Power of scientific knowledge: From research to public policy (Record no. 1394000)

MARC details
000 -LEADER
fixed length control field 00648nam a2200217Ia 4500
005 - DATE AND TIME OF LATEST TRANSACTION
control field 20250508165235.0
008 - FIXED-LENGTH DATA ELEMENTS--GENERAL INFORMATION
fixed length control field 008 250505s9999 xx 000 0 eng d
020 ## - INTERNATIONAL STANDARD BOOK NUMBER
International Standard Book Number 978-1-107-60672-2
037 ## - SOURCE OF ACQUISITION
Stock number TextBook
040 ## - CATALOGING SOURCE
Original cataloging agency FEDL
Language of cataloging eng
Transcribing agency FEDL
041 ## - LANGUAGE CODE
Language code of text/sound track or separate title eng
Source of code eng
084 ## - COLON CLASSIFICATION NUMBER
Classification number 338.926, GRU/R
Assigning agency FEDL
100 ## - MAIN ENTRY--PERSONAL NAME
Personal name Grundmann Reiner
9 (RLIN) 331555
245 #0 - TITLE STATEMENT
Title Power of scientific knowledge: From research to public policy
260 ## - PUBLICATION, DISTRIBUTION, ETC.
Place of publication, distribution, etc. Cambridge
Name of publisher, distributor, etc. Cambridge University Press
Date of publication, distribution, etc. 2012
300 ## - PHYSICAL DESCRIPTION
Extent xiv, 221p.
365 ## - TRADE PRICE
Price type code GBP
Price amount 19.99
700 ## - ADDED ENTRY--PERSONAL NAME
Personal name Stehr Nico
9 (RLIN) 780255
942 ## - ADDED ENTRY ELEMENTS (KOHA)
Koha item type Textbook
Classification part 338.926, GRU/R
Holdings
Withdrawn status Lost status Damaged status Not for loan Home library Current library Date acquired Cost, normal purchase price Total Checkouts Full call number Barcode Date last seen Price effective from Koha item type
        Department of Education Library Department of Education Library 2025-05-08 19.99   338.926, GRU/R EL0087639 2025-05-08 2025-05-08 Textbook
Copyright @ Delhi University Library System